<?xml version="1.0" encoding="UTF-8"?>
<collection xmlns="http://www.loc.gov/MARC21/slim">
  <record>
    <leader>00000nam  2200000   4500</leader>
    <controlfield tag="001">INLIS000000000020105</controlfield>
    <controlfield tag="005">20250521024634</controlfield>
    <datafield tag="035" ind1="#" ind2="#">
      <subfield code="a">0010-0525000188</subfield>
    </datafield>
    <controlfield tag="007">ta</controlfield>
    <controlfield tag="008">250521################|##########|#|##</controlfield>
    <datafield tag="084" ind1="#" ind2="#">
      <subfield code="a">R 0081 PKN II 2024</subfield>
    </datafield>
    <datafield tag="100" ind1=" " ind2="#">
      <subfield code="a">Budi Mulya</subfield>
    </datafield>
    <datafield tag="245" ind1="1" ind2="#">
      <subfield code="a">Peningkatan Efektivitas Tugas Fungsi Staf Ahli Bupati /</subfield>
      <subfield code="c">Budi Mulya</subfield>
    </datafield>
    <datafield tag="250" ind1="#" ind2="#">
      <subfield code="a">1</subfield>
    </datafield>
    <datafield tag="260" ind1="#" ind2="#">
      <subfield code="a">Jakarta :</subfield>
      <subfield code="b">Pusbangkom Pimnas,</subfield>
      <subfield code="c">2024</subfield>
    </datafield>
    <datafield tag="300" ind1="#" ind2="#">
      <subfield code="a">60 :</subfield>
      <subfield code="b">ilus ;</subfield>
      <subfield code="c">29 x 21 x 0,5</subfield>
    </datafield>
    <datafield tag="650" ind1="#" ind2="4">
      <subfield code="a">SDM</subfield>
    </datafield>
    <datafield tag="520" ind1="#" ind2="#">
      <subfield code="a">Rancangan dan Implementasi Proyek Perubahan ini dibuat dengan tujuan untuk&#13;
menetapkan suatu regulasi berupa Peraturan Bupati (Perbup) yang mengatur kedudukan,&#13;
tugas fungsi dan tata kerja Staf Ahli Bupati (SAB) dengan Perangkat Daerah (PD) dalam&#13;
memberikan Telahaan/Kajian kepada Bupati dalam hal mengambil kebijakan Pemerintah&#13;
Daerah terhadap Isu permasalahan yang berkembang. Dengan telah diaturnya hubungan&#13;
kerja tersebut, maka kedepannya setiap kebijakan yang diambil oleh Pemerintah Daerah&#13;
berdasarkan pada Telahaan/Kajian dari SAB dengan Input data yang relevan dari&#13;
Perangkat Daerah terkait, sehingga kebijakan tersebut akan tepat sasaran. Selain itu,&#13;
dengan adanya Peraturan Bupati tersebut, maka diharapkan sinergisitas dan kolaborasi&#13;
antara Staf Ahli Bupati (SAB) dengan Perangkat Daerah (PD) semakin meningkat pada&#13;
setiap agenda Pemerimtah Daerah.&#13;
Penulis menyadari bahwa Proyek Perubahan ini masih banyak aspek yang bisa ditelusuri&#13;
lebih dalam dalam penyempurnaan perubahan yang lebih pada manajemen pemerintahan.&#13;
Namun, diharapkan Proyek Perubahan ini dapat menjadi langkah awal untuk kedepannya&#13;
bagi pihak terkait untuk mengkaji dalam peningkatan efektifitas tugas fungsi Staf Ahli&#13;
Bupati.</subfield>
    </datafield>
    <datafield tag="856" ind1="#" ind2="#">
      <subfield code="a">Perpustakaan Pusat LAN</subfield>
    </datafield>
    <datafield tag="990" ind1="#" ind2="#">
      <subfield code="a">2024/1.2,2/A/0081</subfield>
    </datafield>
  </record>
</collection>
